| 000 | 00698nam a2200241 a 4500 | ||
|---|---|---|---|
| 001 | 000018878 | ||
| 003 | DO-SdBNP | ||
| 005 | 20240301140905.0 | ||
| 007 | ta | ||
| 008 | 100520s1900 dr 001 0 spa d | ||
| 040 |
_aDO-SdBNP _bspa _cBNPHU |
||
| 082 |
_axxx _bA188 |
||
| 100 | 1 |
_aVega B., Wenceslao, _d1932- _938670 |
|
| 245 | 1 | 4 | _aActa de declaración de la Independencia |
| 260 |
_aLima, Perú : _bConsejo Provincial de Lima, _c1900?. |
||
| 300 |
_a82 p. ; _c26 cm. |
||
| 505 | _t- | ||
| 590 | _aInventariado, 2022 / DG | ||
| 651 | 4 |
_aRepública Dominicana _xHistoria _9170 |
|
| 651 | 4 |
_aRepública Dominicana _xRelaciones Exteriores _xTratados _911787 |
|
| 910 | _aDG | ||
| 942 |
_2ddc _cLBS1 |
||
| 999 |
_c52577 _d52577 |
||